000 00602nam a22002057a 4500
003 JO-AjAnu
005 20240813113600.0
008 240806b jo ||||| |||| 00| 0 ara d
020 _a9780323847124
040 _aJO-AjAnu
_bENG
_cJO-AjAnu
041 _hENG
100 _aGilbert, Joyce
_eAuthor
_966117
245 _aWilliam's Essentials of Nutrition and Diet The Therapy
_c/ Joyce Gilbert
250 _a13 edition
260 _aIndia :
_bElsevier,
_c2024
300 _a496 pages
650 _vDiet Therapy Nutrition
700 _aEleanor D. Schlenker
_eJoint author
_966118
942 _2lcc
_cBK
_n0
999 _c33630
_d33630